000 00475nab a2200145Ia 4500
003 ES-SlBCS
005 20210601134623.0
008 140529s1985 xxu||||| |||| 00| 0 spa d
041 _aspa
100 1 _aMenini D., Marino
_926939
245 0 0 _aReflexiones para una filosofía de la historia latinoamericana
_c Marino Menini D.
650 0 4 _aFilosofía de la Historia Latinoamericana
_9220451
773 0 _tAnthropos
_gvol. 6, nº. 11, 1985, págs. 93-115
_wRev38
942 _cAR
999 _c615395
_d615395